000
00292nam a22001337a 4500
008
180214b xxu||||| |||| 00| 0 eng d
020
_a
9780520217140
041
_a
eng
080
_a
32
100
_a
23
101
_a
POL
245
_a
A GENERATION DIVIDED
_c
REBECCAA.EH
942
_2
udc
_c
BK
999
_c
42527
_d
42527